[Event "Madrid-chT 2425"]
[Site "Madrid"]
[Date "2024.12.22"]
[Round "4.2"]
[White "Horcajuelo Rocamora, Martin"]
[Black "Torres Rebolledo, Victor"]
[Result "1-0"]
[WhiteElo "2399"]
[BlackElo "2177"]
[PlyCount "197"]
[GameId "2127204068077622"]
[EventDate "2024.11.24"]
[EventType "team-tourn"]
[EventRounds "14"]
[EventCountry "ESP"]
[SourceVersionDate "2011.03.15"]
[WhiteTeam "Alcorcon Diagonal"]
[BlackTeam "Jaque Mate"]
[WhiteTeamCountry "ESP"]
[BlackTeamCountry "ESP"]

1. d4 Nf6 2. c4 e6 3. Nf3 b6 4. g3 Bb7 5. Bg2 Be7 6. O-O O-O 7. Nc3 Na6 8. Qa4 Qc8 9. Bg5 h6 10. Bxf6 Bxf6 11. e4 d6 12. Rfd1 c5 13. d5 exd5 14. Nxd5 Bxd5 15. Rxd5 Bxb2 16. Rad1 Nc7 17. Rxd6 Ne6 18. e5 Qe8 19. Qb3 Bd4 20. Nxd4 Nxd4 21. R6xd4 cxd4 22. Bxa8 Qxa8 23. Rxd4 Qc6 24. Qd3 Qc5 25. Rd5 Qb4 26. Kg2 Qb2 27. a4 Qb4 28. a5 bxa5 29. Rb5 Qe1 30. Qd5 a4 31. Ra5 Qb4 32. Rxa7 Qb3 33. Qd4 a3 34. e6 Qb2 35. exf7+ Rxf7 36. Ra8+ Kh7 37. Qxb2 axb2 38. Rb8 Rc7 39. Rxb2 Rxc4 40. Rb5 Rc7 41. h4 g6 42. h5 gxh5 43. Rxh5 Kg6 44. Ra5 Rc2 45. Kf3 Rb2 46. g4 Rb3+ 47. Kf4 Rb4+ 48. Kg3 Rb3+ 49. f3 Rc3 50. Kf4 Rc6 51. Ke5 Rc1 52. Ke4 Re1+ 53. Kf4 Re6 54. Rd5 Re8 55. Rd6+ Kg7 56. Kf5 Rf8+ 57. Ke4 Re8+ 58. Kd3 Rf8 59. Ke3 Re8+ 60. Kf2 Ra8 61. Re6 Ra4 62. Ke3 Ra5 63. Kf4 Ra3 64. Ke4 Ra5 65. f4 Ra4+ 66. Kf5 Ra5+ 67. Re5 Ra7 68. Rd5 Rf7+ 69. Ke4 Ra7 70. Rd6 Re7+ 71. Kf5 Rf7+ 72. Ke5 Re7+ 73. Kd4 Re1 74. f5 Rd1+ 75. Ke5 Re1+ 76. Kf4 Rf1+ 77. Ke3 Re1+ 78. Kf2 Ra1 79. Rg6+ Kh7 80. Rc6 Kg7 81. Kf3 Ra3+ 82. Kf4 Ra5 83. Rc7+ Kg8 84. Rb7 Rc5 85. Ra7 Rb5 86. f6 Rc5 87. Rg7+ Kh8 88. Re7 Kg8 89. Re5 Rc7 90. Kf5 Rc4 91. Re4 Rc6 92. Kg6 Kf8 93. Ra4 Rc8 94. Ra7 Kg8 95. Kxh6 Rc4 96. g5 Rc8 97. Kg6 Rb8 98. Rg7+ Kh8 99. Rh7+ 1-0

[Event "Madrid-chT 2425"]
[Site "Madrid"]
[Date "2024.12.22"]
[Round "4.3"]
[White "Fernandez Estremera, Fernando"]
[Black "Toncheva, Nadya"]
[Result "0-1"]
[WhiteElo "2129"]
[BlackElo "2298"]
[PlyCount "98"]
[GameId "2127211743305798"]
[EventDate "2024.11.24"]
[EventType "team-tourn"]
[EventRounds "14"]
[EventCountry "ESP"]
[SourceVersionDate "2011.03.15"]
[WhiteTeam "Jaque Mate"]
[BlackTeam "Alcorcon Diagonal"]
[WhiteTeamCountry "ESP"]
[BlackTeamCountry "ESP"]

1. d4 d5 2. Nc3 Nf6 3. Bf4 c5 4. e3 Bg4 5. f3 Bd7 6. dxc5 e6 7. b4 Nh5 8. Bb5 Bxb5 9. Nxb5 Nxf4 10. exf4 Bxc5 11. bxc5 Qa5+ 12. Kf2 Qxb5 13. Qd4 O-O 14. Ne2 Nd7 15. Rab1 Qc6 16. Rhd1 Nxc5 17. f5 b6 18. f6 Nd7 19. fxg7 Rfc8 20. Rbc1 Qc5 21. Kg3 Qxd4 22. Nxd4 Kxg7 23. c4 Nf6 24. cxd5 Nxd5 25. Nb5 Kf6 26. Nd6 Rxc1 27. Rxc1 Rd8 28. Ne4+ Ke7 29. Kf2 f5 30. Ng3 Rd7 31. Rc2 Nb4 32. Re2 Rd5 33. Nh5 Ra5 34. Ng7 Rxa2 35. Nxf5+ Kf6 36. Rxa2 Nxa2 37. Nd6 Nb4 38. Ke3 a5 39. Kd4 Nd5 40. Nb5 Ne7 41. Nd6 Nf5+ 42. Nxf5 Kxf5 43. g3 a4 44. Kc4 b5+ 45. Kb4 e5 46. h4 e4 47. fxe4+ Kxe4 48. g4 Kf4 49. g5 Kg4 0-1

[Event "Madrid-chT 2425"]
[Site "Madrid"]
[Date "2024.12.22"]
[Round "4.4"]
[White "Sanz Wawer, Daniel"]
[Black "Serrano Ruiz, Miguel"]
[Result "1-0"]
[WhiteElo "2269"]
[BlackElo "2111"]
[PlyCount "119"]
[GameId "2127217611472976"]
[EventDate "2024.11.24"]
[EventType "team-tourn"]
[EventRounds "14"]
[EventCountry "ESP"]
[SourceVersionDate "2011.03.15"]
[WhiteTeam "Alcorcon Diagonal"]
[BlackTeam "Jaque Mate"]
[WhiteTeamCountry "ESP"]
[BlackTeamCountry "ESP"]

1. e4 c5 2. Nf3 e6 3. d4 cxd4 4. Nxd4 a6 5. Nc3 b5 6. Bd3 Bb7 7. a3 d6 8. O-O Nf6 9. Kh1 Be7 10. f4 Nbd7 11. Qe2 Qc7 12. Bd2 h5 13. Rae1 h4 14. Rf3 h3 15. gxh3 Nc5 16. b4 Nxd3 17. cxd3 Qd7 18. Rc1 g6 19. Qe3 Rd8 20. Nce2 Rh4 21. Kg1 Rc8 22. Rxc8+ Qxc8 23. Be1 Rh5 24. Bc3 Nd7 25. Rf1 e5 26. Nb3 d5 27. d4 exd4 28. Bxd4 dxe4 29. Rc1 Qb8 30. Na5 g5 31. Nc6 Bxc6 32. Rxc6 gxf4 33. Nxf4 Rg5+ 34. Kh1 Ne5 35. Rc1 Nf3 36. Bb6 Qe5 37. Rc8+ Kd7 38. Qc1 Qd6 39. Rc7+ Ke8 40. Rc8+ Kd7 41. Rc7+ Ke8 42. Rc6 Qe5 43. Rc8+ Bd8 44. Rxd8+ Ke7 45. Nd5+ Qxd5 46. Qc7+ Ke6 47. Qc8+ Kf6 48. Rxd5 Rxd5 49. Qc6+ Ke5 50. Bc7+ Kd4 51. Kg2 f5 52. Qe6 Ne5 53. Qf6 e3 54. Bxe5+ Rxe5 55. Kf1 Ke4 56. Ke2 f4 57. h4 Rf5 58. Qe6+ Re5 59. Qc6+ Kf5 60. h5 1-0

[Event "Madrid-chT 2425"]
[Site "Madrid"]
[Date "2024.12.22"]
[Round "4.5"]
[White "Cuadrado Carmona, Javier"]
[Black "Neagu, Roberto Florin"]
[Result "0-1"]
[WhiteElo "2028"]
[BlackElo "2211"]
[PlyCount "80"]
[GameId "2127221776146524"]
[EventDate "2024.11.24"]
[EventType "team-tourn"]
[EventRounds "14"]
[EventCountry "ESP"]
[SourceVersionDate "2011.03.15"]
[WhiteTeam "Jaque Mate"]
[BlackTeam "Alcorcon Diagonal"]
[WhiteTeamCountry "ESP"]
[BlackTeamCountry "ESP"]

1. e4 e5 2. Nf3 Nc6 3. Bc4 Bc5 4. c3 Nf6 5. d4 exd4 6. e5 d5 7. Bb5 Ne4 8. cxd4 Bb6 9. Be3 O-O 10. Nc3 Ne7 11. O-O f5 12. exf6 Nxf6 13. Ne5 c6 14. Bd3 Bf5 15. g4 Bxd3 16. Qxd3 Qc8 17. h3 h5 18. Qe2 hxg4 19. hxg4 Nd7 20. f4 Nxe5 21. fxe5 Qe6 22. Na4 c5 23. Nxb6 axb6 24. Rxf8+ Rxf8 25. Rf1 Rxf1+ 26. Kxf1 Nc6 27. Ke1 cxd4 28. Bf4 Qg6 29. e6 Qe4 30. Bc7 b5 31. Bd6 d3 32. Qxe4 dxe4 33. Kd2 Nd4 34. e7 Kf7 35. Bb4 Nc6 36. Bc3 Nxe7 37. Bd4 Nd5 38. a3 g5 39. b3 Nf6 40. Be3 Kg6 0-1

[Event "Madrid-chT 2425"]
[Site "Madrid"]
[Date "2024.12.22"]
[Round "4.6"]
[White "Lozano Ramirez, Nestor Favian"]
[Black "Serrano Ruiz, Lope"]
[Result "1-0"]
[WhiteElo "2200"]
[BlackElo "1996"]
[PlyCount "89"]
[GameId "2127223415095395"]
[EventDate "2024.11.24"]
[EventType "team-tourn"]
[EventRounds "14"]
[EventCountry "ESP"]
[SourceVersionDate "2011.03.15"]
[WhiteTeam "Alcorcon Diagonal"]
[BlackTeam "Jaque Mate"]
[WhiteTeamCountry "ESP"]
[BlackTeamCountry "ESP"]

1. c4 g6 2. g3 Bg7 3. Bg2 Nf6 4. Nc3 O-O 5. e4 c5 6. Nge2 Nc6 7. O-O d6 8. d3 a6 9. h3 Rb8 10. a4 Bd7 11. Be3 e5 12. f4 Nd4 13. f5 gxf5 14. Bg5 h6 15. Bh4 Qc8 16. Bxf6 Bxf6 17. Nd5 Kg7 18. Nxd4 exd4 19. Nxf6 Kxf6 20. Qh5 Rg8 21. Qxh6+ Rg6 22. Qf4 Rg8 23. exf5 Qf8 24. g4 Re8 25. Bxb7 Re5 26. Bg2 a5 27. Rae1 Qg7 28. Rxe5 dxe5 29. Qd2 Qg5 30. Qxa5 Qe3+ 31. Kh2 Rc8 32. Qb6+ Ke7 33. f6+ Ke8 34. Qd6 Kd8 35. Qf8+ Kc7 36. Qxc5+ Kd8 37. Qe7+ Kc7 38. c5 Re8 39. Qd6+ Kc8 40. Qa6+ Kd8 41. Qb6+ Kc8 42. Bb7+ Kb8 43. Bc6+ Kc8 44. Qb7+ Kd8 45. Qxd7# 1-0

[Event "Madrid-chT 2425"]
[Site "Madrid"]
[Date "2025.01.11"]
[Round "5.1"]
[White "Martinez Reyes, Pedro Ramon"]
[Black "Elissalt Cardenas, Hector"]
[Result "1-0"]
[WhiteElo "2360"]
[BlackElo "2324"]
[PlyCount "87"]
[GameId "2154865535198042"]
[EventDate "2024.11.24"]
[EventType "team-tourn"]
[EventRounds "14"]
[EventCountry "ESP"]
[SourceVersionDate "2011.03.15"]
[WhiteTeam "Blanco y Negro"]
[BlackTeam "Tajamar"]
[WhiteTeamCountry "ESP"]
[BlackTeamCountry "ESP"]

1. d4 d5 2. c4 e6 3. Nc3 Bb4 4. Bd2 Nf6 5. e3 O-O 6. Nf3 b6 7. cxd5 exd5 8. Rc1 c5 9. Ne5 Ba6 10. Bxa6 Nxa6 11. Qa4 Qc8 12. O-O Bxc3 13. Bxc3 Qb7 14. dxc5 bxc5 15. Rcd1 Rfe8 16. Nd3 Re4 17. Qb3 Qxb3 18. axb3 Nd7 19. Ra1 Nc7 20. b4 Rc4 21. bxc5 Nxc5 22. Nf4 Ra4 23. Rxa4 Nxa4 24. Be5 Ne6 25. Nxe6 fxe6 26. Rc1 Nb6 27. Rc7 Rc8 28. Rxg7+ Kf8 29. g4 Rc1+ 30. Kg2 Nc4 31. Bf6 Rc2 32. Rxh7 Nxe3+ 33. Kg3 Nf1+ 34. Kg2 Ne3+ 35. Kf3 Nd1 36. Bd4 Rd2 37. Bxa7 d4 38. b4 e5 39. b5 Nc3 40. b6 Kg8 41. Re7 e4+ 42. Rxe4 Nxe4 43. Kxe4 d3 44. Ke3 1-0

[Event "Madrid-chT 2425"]
[Site "Madrid"]
[Date "2025.01.11"]
[Round "5.3"]
[White "Pinto, Daniel"]
[Black "Rodriguez Avila, Alvaro"]
[Result "1-0"]
[WhiteElo "2325"]
[BlackElo "2260"]
[PlyCount "147"]
[GameId "2133136740528240"]
[EventDate "2024.11.24"]
[EventType "team-tourn"]
[EventRounds "14"]
[EventCountry "ESP"]
[SourceVersionDate "2011.03.15"]
[WhiteTeam "Blanco y Negro"]
[BlackTeam "Tajamar"]
[WhiteTeamCountry "ESP"]
[BlackTeamCountry "ESP"]

1. e4 c5 2. Nf3 d6 3. c3 Nf6 4. Be2 g6 5. O-O Bg7 6. Bb5+ Nc6 7. d4 O-O 8. dxc5 Nxe4 9. cxd6 Nxd6 10. Ba4 Bf5 11. Bc2 Qb6 12. Bxf5 Nxf5 13. Qb3 Qa6 14. Na3 e5 15. Ng5 Rad8 16. Qb5 Qxb5 17. Nxb5 Rd5 18. a4 Rfd8 19. Ne4 h6 20. f3 Rd1 21. Nf2 Rxf1+ 22. Kxf1 Na5 23. g4 Nb3 24. Rb1 Nh4 25. Ke2 a6 26. Na3 Ng2 27. Nc2 Bf8 28. Nd3 f5 29. gxf5 gxf5 30. Na1 Nxc1+ 31. Rxc1 e4 32. fxe4 fxe4 33. Rg1 exd3+ 34. Kd1 Kh7 35. Rxg2 Be7 36. Nb3 Bg5 37. Nc5 Be3 38. Rg7+ Kh8 39. Rd7 Rg8 40. Nxd3 Rg2 41. h3 Rh2 42. Rxb7 Rxh3 43. Ke2 Bg5 44. Nf2 Re3+ 45. Kf1 Re6 46. Kg2 Kg8 47. Kf3 Rf6+ 48. Kg2 Re6 49. Rb4 Kf7 50. Kf3 Re3+ 51. Kg2 Re6 52. Kf3 Rf6+ 53. Kg3 Re6 54. Ne4 Be7 55. Rd4 Rg6+ 56. Kf3 Rb6 57. b4 h5 58. Rd5 Rh6 59. Ng3 Bf6 60. c4 h4 61. Rh5 Rg6 62. Ne4 Be7 63. b5 Rg1 64. bxa6 Rg6 65. a7 Ra6 66. Rh7+ Ke8 67. Rh8+ Bf8 68. Nd6+ Ke7 69. Nb5 Kf7 70. Rxh4 Rxa4 71. Rf4+ Kg8 72. Rd4 Be7 73. Rd7 Kf7 74. Rb7 1-0

[Event "Madrid-chT 2425"]
[Site "Madrid"]
[Date "2025.01.11"]
[Round "5.4"]
[White "Rodriguez Lopez, David"]
[Black "Hidalgo Duque, Carlos"]
[Result "0-1"]
[WhiteElo "2189"]
[BlackElo "2257"]
[PlyCount "112"]
[GameId "2133146761990266"]
[EventDate "2024.11.24"]
[EventType "team-tourn"]
[EventRounds "14"]
[EventCountry "ESP"]
[SourceVersionDate "2011.03.15"]
[WhiteTeam "Tajamar"]
[BlackTeam "Blanco y Negro"]
[WhiteTeamCountry "ESP"]
[BlackTeamCountry "ESP"]

1. e4 c5 2. c3 Nf6 3. e5 Nd5 4. d4 cxd4 5. Nf3 e6 6. cxd4 d6 7. Bc4 Nc6 8. O-O Be7 9. Qe2 O-O 10. Nc3 Nxc3 11. bxc3 dxe5 12. dxe5 Qa5 13. Bd3 Rd8 14. Bd2 Qc7 15. Rfe1 b6 16. Ng5 g6 17. Qf3 Bf8 18. Bf4 Bg7 19. Be4 Bb7 20. Qh3 h6 21. Nf3 h5 22. g4 hxg4 23. Qxg4 Ne7 24. Bg5 Bxe4 25. Rxe4 Rd3 26. Rc4 Qb7 27. Bxe7 Qxe7 28. Qe4 Rad8 29. Qf4 b5 30. Rd4 Rxc3 31. Rad1 Rxd4 32. Rxd4 Qc7 33. Qe4 Bf8 34. Ng5 Rc4 35. Nf3 Rxd4 36. Qxd4 a5 37. Nd2 Qc5 38. Qxc5 Bxc5 39. Kf1 g5 40. h3 Kg7 41. Ne4 Bd4 42. Nxg5 Bxe5 43. Ke2 Kg6 44. Nf3 Bg7 45. Nd2 Kf5 46. f3 Ke5 47. Ne4 f5 48. Ng5 Bf6 49. f4+ Kxf4 50. Nxe6+ Kg3 51. Nc5 a4 52. Ne6 f4 53. Nc5 Kg2 54. Ne4 f3+ 55. Ke3 Be7 56. Kd4 Kxh3 0-1

[Event "Madrid-chT 2425"]
[Site "Madrid"]
[Date "2025.01.11"]
[Round "5.5"]
[White "Alarcia Astiz, Carlos"]
[Black "Lazaro Azcutia, Miguel"]
[Result "1-0"]
[WhiteElo "2244"]
[BlackElo "2176"]
[PlyCount "73"]
[GameId "2133160881938589"]
[EventDate "2024.11.24"]
[EventType "team-tourn"]
[EventRounds "14"]
[EventCountry "ESP"]
[SourceVersionDate "2011.03.15"]
[WhiteTeam "Blanco y Negro"]
[BlackTeam "Tajamar"]
[WhiteTeamCountry "ESP"]
[BlackTeamCountry "ESP"]

1. e4 e5 2. Nf3 Nc6 3. Bc4 Bc5 4. O-O Nf6 5. d3 d6 6. c3 a5 7. Nbd2 O-O 8. h3 h6 9. Re1 Bb6 10. Bb3 Be6 11. Nc4 Ba7 12. Ne3 Bxb3 13. Qxb3 a4 14. Qc2 Re8 15. Qe2 Bxe3 16. fxe3 b5 17. Bd2 Na5 18. Qf2 c5 19. Qh4 Qd7 20. Rad1 Qb7 21. g4 Nh7 22. Kh2 c4 23. g5 Re6 24. Rg1 hxg5 25. Nxg5 Rh6 26. Qg4 Nxg5 27. Qxg5 Rg6 28. Qf5 Rxg1 29. Rxg1 cxd3 30. Qf6 g6 31. Rg4 Kf8 32. Rh4 Ke8 33. Qxd6 f6 34. Rh8+ Kf7 35. Rh7+ Kg8 36. Rxb7 Nxb7 37. Qd5+ 1-0

[Event "Madrid-chT 2425"]
[Site "Madrid"]
[Date "2025.01.11"]
[Round "5.6"]
[White "Roquero Redondo, Miguel"]
[Black "Renteria Becerra, Jorge Elicer"]
[Result "1/2-1/2"]
[WhiteElo "2028"]
[BlackElo "2178"]
[PlyCount "69"]
[GameId "2133162221400228"]
[EventDate "2024.11.24"]
[EventType "team-tourn"]
[EventRounds "14"]
[EventCountry "ESP"]
[SourceVersionDate "2011.03.15"]
[WhiteTeam "Tajamar"]
[BlackTeam "Blanco y Negro"]
[WhiteTeamCountry "ESP"]
[BlackTeamCountry "ESP"]

1. e4 d6 2. d4 Nf6 3. Nc3 e5 4. Nf3 Nbd7 5. Bc4 Be7 6. O-O O-O 7. Re1 h6 8. h3 a6 9. a4 b6 10. b3 exd4 11. Nxd4 Ne5 12. Bf1 Bb7 13. Nf5 Re8 14. f4 Ng6 15. Bd3 Bf8 16. Bd2 Qd7 17. Qf3 Rad8 18. Nd5 Nxd5 19. exd5 Rxe1+ 20. Rxe1 Re8 21. Rxe8 Qxe8 22. c4 c5 23. Qg3 Bc8 24. Ne3 Be7 25. Ng4 Bh4 26. Qf3 Bxg4 27. Qxg4 Be1 28. Bc1 Bc3 29. Qe2 Bd4+ 30. Kh2 Qxe2 31. Bxe2 f5 32. Bd3 Ne7 33. g4 g6 34. Bd2 a5 35. Kg3 1/2-1/2

[Event "Madrid-chT 2425"]
[Site "Madrid"]
[Date "2025.01.11"]
[Round "5.1"]
[White "Quispe Arteaga, Gabriel"]
[Black "Blanco Diez, David"]
[Result "1/2-1/2"]
[WhiteElo "2408"]
[BlackElo "2274"]
[PlyCount "60"]
[GameId "2133165352374443"]
[EventDate "2024.11.24"]
[EventType "team-tourn"]
[EventRounds "14"]
[EventCountry "ESP"]
[SourceVersionDate "2011.03.15"]
[WhiteTeam "Villalba 64"]
[BlackTeam "Jaque Mate"]
[WhiteTeamCountry "ESP"]
[BlackTeamCountry "ESP"]

1. d4 d5 2. c4 e6 3. Nc3 Nf6 4. cxd5 exd5 5. Bg5 c6 6. e3 h6 7. Bh4 Bf5 8. Bd3 Bxd3 9. Qxd3 Be7 10. Nge2 Nbd7 11. O-O O-O 12. f3 Re8 13. Kh1 a5 14. b3 Nb6 15. Rad1 a4 16. Bxf6 Bxf6 17. e4 dxe4 18. fxe4 axb3 19. axb3 Ra3 20. Qc2 Be7 21. Rf3 Bb4 22. Ng3 Qa8 23. Rdf1 Rf8 24. Nf5 Ra1 25. Na4 Rxf1+ 26. Rxf1 Nxa4 27. bxa4 Re8 28. Qb3 Bf8 29. e5 Re6 30. Ng3 c5 1/2-1/2

[Event "Madrid-chT 2425"]
[Site "Madrid"]
[Date "2025.01.11"]
[Round "5.2"]
[White "Torres Rebolledo, Alvaro"]
[Black "Ubilava, Elizbar"]
[Result "0-1"]
[WhiteElo "2168"]
[BlackElo "2399"]
[PlyCount "150"]
[GameId "2133168762216636"]
[EventDate "2024.11.24"]
[EventType "team-tourn"]
[EventRounds "14"]
[EventCountry "ESP"]
[SourceVersionDate "2011.03.15"]
[WhiteTeam "Jaque Mate"]
[BlackTeam "Villalba 64"]
[WhiteTeamCountry "ESP"]
[BlackTeamCountry "ESP"]

1. e4 c5 2. Nf3 d6 3. d4 cxd4 4. Nxd4 Nf6 5. Nc3 a6 6. Bc4 e6 7. Be3 Nc6 8. Qe2 Qc7 9. O-O-O Na5 10. Bd3 b5 11. a3 Nd7 12. f4 Nb6 13. f5 Nac4 14. fxe6 fxe6 15. Bxc4 Nxc4 16. Bg5 Be7 17. Bxe7 Qxe7 18. Rhf1 Bd7 19. Rf2 Rf8 20. Rdf1 O-O-O 21. Kb1 Rxf2 22. Qxf2 Qg5 23. Nb3 Qe3 24. Qh4 Nxa3+ 25. bxa3 Qxc3 26. Rf3 Qe5 27. Qf2 b4 28. axb4 Qb5 29. Qa7 Qxb4 30. Kb2 Qb5 31. Rf7 h5 32. Rxg7 Qe5+ 33. Qd4 Qxd4+ 34. Nxd4 Rf8 35. Nf3 Bc6 36. Ng5 Rf2 37. Nf7 Kc7 38. Ne5+ Kb6 39. Nxc6 Kxc6 40. Kc3 a5 41. Rh7 Rxg2 42. Rxh5 Rg4 43. Rxa5 Rxe4 44. Ra6+ Kc5 45. Ra5+ Kb6 46. Rh5 e5 47. Kd3 Rg4 48. Rh8 Kc6 49. h4 Kd5 50. h5 e4+ 51. Kd2 Rg2+ 52. Kc3 Rg3+ 53. Kd2 Kd4 54. h6 Rg2+ 55. Kc1 Rh2 56. h7 d5 57. Kd1 Ke3 58. Kc1 Ke2 59. Kb2 e3 60. Kc3 Rh4 61. Rd8 Rxh7 62. Rxd5 Rc7+ 63. Kb3 Re7 64. Kc4 Ke1 65. Rh5 e2 66. Kd3 Kf2 67. Rh1 e1=Q 68. Rxe1 Rxe1 69. c4 Kf3 70. Kd4 Kf4 71. Kd5 Kf5 72. c5 Rd1+ 73. Kc6 Ke6 74. Kb7 Rc1 75. c6 Kd6 0-1

[Event "Madrid-chT 2425"]
[Site "Madrid"]
[Date "2025.01.11"]
[Round "5.3"]
[White "Garrido Dominguez, Jesus"]
[Black "Torres Rebolledo, Victor"]
[Result "1-0"]
[WhiteElo "2392"]
[BlackElo "2243"]
[PlyCount "87"]
[GameId "2133374674256159"]
[EventDate "2024.11.24"]
[EventType "team-tourn"]
[EventRounds "14"]
[EventCountry "ESP"]
[SourceVersionDate "2011.03.15"]
[WhiteTeam "Villalba 64"]
[BlackTeam "Jaque Mate"]
[WhiteTeamCountry "ESP"]
[BlackTeamCountry "ESP"]

{[%evp 0,73,11,25,33,45,22,21,138,6,20,-33,30,69,29,25,16,22,27,40,24,21,24,-5,41,45,69,45,67,4,64,-22,-12,-115,3,48,6,0,19,9,19,26,26,34,35,41,13,22,46,99,64,58,172,230,162,307,178,186,149,132,-50,115,133,292,165,133,149,195,64,151,157,122,27,142,162,162]} 1. e4 c6 2. d4 d5 3. exd5 cxd5 4. Bd3 Nf6 5. h3 Nc6 6. c3 Qc7 7. Nf3 e6 8. O-O Bd6 9. Re1 O-O 10. Nbd2 h6 11. Nf1 Bd7 12. Qe2 Rab8 13. Ne5 b5 14. Ng3 Be8 15. Ng4 Nxg4 16. Qxg4 f5 17. Qf3 Bf7 18. Nh5 b4 19. Bf4 Bxh5 20. Bxd6 Qxd6 21. Qxh5 bxc3 22. bxc3 Rb2 23. Re3 f4 24. Ree1 Ne7 25. Re5 Rd2 26. Rae1 Rxd3 27. Rxe6 Qd7 28. Rxe7 Qf5 29. Qxf5 Rxf5 30. Rc7 a5 31. h4 Rf6 32. a4 f3 33. g3 Kh7 34. Rc5 Rb6 35. Rxa5 Rxc3 36. Rxd5 Rb2 37. Rf5 Ra2 38. a5 Kg6 39. Rc5 Rd3 40. h5+ Kf6 41. g4 Kf7 42. Rf5+ Kg8 43. Re8+ Kh7 44. Rff8 1-0

[Event "Madrid-chT 2425"]
[Site "Madrid"]
[Date "2025.01.11"]
[Round "5.4"]
[White "Fernandez Estremera, Fernando"]
[Black "Pascual Palomo, Lucia"]
[Result "1-0"]
[WhiteElo "2127"]
[BlackElo "2117"]
[PlyCount "75"]
[GameId "2154865535198043"]
[EventDate "2024.11.24"]
[EventType "team-tourn"]
[EventRounds "14"]
[EventCountry "ESP"]
[SourceVersionDate "2011.03.15"]
[WhiteTeam "Jaque Mate"]
[BlackTeam "Villalba 64"]
[WhiteTeamCountry "ESP"]
[BlackTeamCountry "ESP"]

1. d4 e6 2. e4 d5 3. Nc3 Bb4 4. a3 Bxc3+ 5. bxc3 dxe4 6. Qg4 Nf6 7. Qxg7 Rg8 8. Qh6 Nbd7 9. Ne2 b6 10. Bg5 Bb7 11. Qh4 Qe7 12. Ng3 a6 13. Be2 h6 14. Qxh6 O-O-O 15. Qh4 Kb8 16. O-O Rg6 17. f4 exf3 18. Bxf3 Rdg8 19. Bxb7 Rxg5 20. Bxa6 Rg4 21. Qh6 Nd5 22. Be2 R4g6 23. Qd2 f5 24. c4 f4 25. cxd5 fxg3 26. h3 exd5 27. a4 Rh8 28. Bf3 Qg5 29. Qxg5 Rxg5 30. Rfe1 Rf8 31. a5 bxa5 32. Rxa5 c6 33. Re7 Rd8 34. c4 Rgg8 35. cxd5 cxd5 36. Bxd5 Rge8 37. Rxe8 Rxe8 38. Ra8+ 1-0

[Event "Madrid-chT 2425"]
[Site "Madrid"]
[Date "2025.01.11"]
[Round "5.5"]
[White "Gutierrez Diaz, Pablo"]
[Black "Serrano Ruiz, Miguel"]
[Result "1-0"]
[WhiteElo "1992"]
[BlackElo "2059"]
[PlyCount "195"]
[GameId "2133480861786166"]
[EventDate "2024.11.24"]
[EventType "team-tourn"]
[EventRounds "14"]
[EventCountry "ESP"]
[SourceVersionDate "2011.03.15"]
[WhiteTeam "Villalba 64"]
[BlackTeam "Jaque Mate"]
[WhiteTeamCountry "ESP"]
[BlackTeamCountry "ESP"]

1. e4 c5 2. Nf3 e6 3. d4 cxd4 4. Nxd4 a6 5. c4 b6 6. Be2 Bb7 7. Nc3 Qc7 8. Be3 Nf6 9. Qd3 d6 10. O-O Nbd7 11. f3 Be7 12. Rac1 O-O 13. Rfd1 Rac8 14. Qd2 Rfe8 15. Qe1 Qb8 16. Qf2 Qa8 17. Na4 d5 18. e5 Nxe5 19. Nxb6 Qb8 20. Nxc8 Rxc8 21. c5 Bxc5 22. Nb3 Bd6 23. Ba7 Qa8 24. Qb6 Nc6 25. Kh1 Nd7 26. Qf2 Nxa7 27. Rxc8+ Nxc8 28. Rc1 Ncb6 29. Qh4 h6 30. Na5 Nf6 31. Qd4 Nbd7 32. Qc3 d4 33. Qxd4 Bd5 34. b3 Qb8 35. Bxa6 Qb4 36. Rc8+ Kh7 37. Bd3+ g6 38. Qxb4 Bxb4 39. Nc4 Kg7 40. Ne3 Ne5 41. Nxd5 exd5 42. Bb5 d4 43. Rd8 Bc3 44. a4 g5 45. b4 d3 46. Bxd3 Bxb4 47. Bb5 Ng8 48. Ra8 Ne7 49. a5 Nd5 50. a6 Bc5 51. a7 Bxa7 52. Rxa7 Nf4 53. g3 Ne6 54. Bd7 Nc5 55. Bg4 Nxg4 56. fxg4 Nd3 57. Kg2 Ne5 58. h3 Nc6 59. Ra4 Ne5 60. Kf2 Nd7 61. Kf3 Kg6 62. Ra5 Nf6 63. Ra6 Kg7 64. Ke3 Nd5+ 65. Ke4 Ne7 66. h4 gxh4 67. gxh4 Ng6 68. h5 Nf8 69. Kf5 Nd7 70. Ra7 Nf8 71. Re7 Nh7 72. Ra7 Ng5 73. Ra6 Nh7 74. Ra5 Ng5 75. Kf4 Nh7 76. Rf5 Kg8 77. Ke5 Kg7 78. Rf4 Ng5 79. Rf1 Nh7 80. Rf5 Kg8 81. Kd6 Kf8 82. Kd7 Kg7 83. Ke7 Ng5 84. Ke8 Kg8 85. Rf6 Kg7 86. Ke7 Ne4 87. Rxf7+ Kg8 88. Rf4 Ng5 89. Kf6 Kh7 90. Ra4 Nh3 91. Ra7+ Kg8 92. Kg6 Nf4+ 93. Kxh6 Nd5 94. g5 Ne3 95. Ra8+ Kf7 96. g6+ Kf6 97. Ra6+ Ke7 98. g7 1-0

[Event "Madrid-chT 2425"]
[Site "Madrid"]
[Date "2025.01.11"]
[Round "5.6"]
[White "Serrano Ruiz, Lope"]
[Black "Velasco Garcia, Jorge Juan"]
[Result "1-0"]
[WhiteElo "2004"]
[BlackElo "1924"]
[PlyCount "73"]
[GameId "2133495098462285"]
[EventDate "2024.11.24"]
[EventType "team-tourn"]
[EventRounds "14"]
[EventCountry "ESP"]
[SourceVersionDate "2011.03.15"]
[WhiteTeam "Jaque Mate"]
[BlackTeam "Villalba 64"]
[WhiteTeamCountry "ESP"]
[BlackTeamCountry "ESP"]

1. e4 Nf6 2. e5 Nd5 3. d4 d6 4. c4 Nb6 5. exd6 exd6 6. Nc3 Be7 7. Bd3 c6 8. Nge2 Na6 9. b3 Nc7 10. O-O d5 11. c5 Nd7 12. Ng3 Nf6 13. Nce2 O-O 14. Nf4 Ne6 15. Nf5 Re8 16. Nxe6 Bxe6 17. Nxe7+ Rxe7 18. Bg5 Bg4 19. Qc2 h6 20. Bxf6 gxf6 21. h3 Bd7 22. Rae1 Qf8 23. Rxe7 Qxe7 24. Qd2 Kg7 25. Re1 Qf8 26. Re3 Re8 27. Rg3+ Kh8 28. Qf4 Re6 29. Kh2 b6 30. Bf5 Be8 31. b4 h5 32. Bxe6 fxe6 33. Rf3 bxc5 34. bxc5 Kg7 35. Ra3 e5 36. dxe5 fxe5 37. Rg3+ 1-0

[Event "Madrid-chT 2425"]
[Site "Madrid"]
[Date "2025.01.12"]
[Round "5.1"]
[White "Plazuelo Pascual, Juan"]
[Black "Candela Perez, Jose"]
[Result "1-0"]
[WhiteElo "2435"]
[BlackElo "2300"]
[PlyCount "73"]
[GameId "2133707564131328"]
[EventDate "2024.11.24"]
[EventType "team-tourn"]
[EventRounds "14"]
[EventCountry "ESP"]
[SourceVersionDate "2011.03.15"]
[WhiteTeam "Alcorcon Diagonal"]
[BlackTeam "Alcala de Henares"]
[WhiteTeamCountry "ESP"]
[BlackTeamCountry "ESP"]

1. e4 e5 2. Nf3 Nc6 3. Bb5 a6 4. Ba4 Nf6 5. O-O Be7 6. Re1 b5 7. Bb3 O-O 8. h3 d6 9. c3 Na5 10. Bc2 c5 11. d4 Qc7 12. d5 Ne8 13. Nbd2 g6 14. Nf1 Ng7 15. Bh6 Nc4 16. b3 Nb6 17. g4 c4 18. Qd2 Bd7 19. b4 a5 20. a3 Ra6 21. Ng3 Rfa8 22. Rac1 axb4 23. axb4 Ra2 24. Kh2 Ne8 25. Ng5 R8a3 26. f4 exf4 27. Ne2 Bf6 28. Kh1 Na4 29. Qxf4 Nxc3 30. Ng3 Rb2 31. Nh5 gxh5 32. gxh5 Bc8 33. e5 dxe5 34. Nxh7 Rxc2 35. Nxf6+ Kh8 36. Bg7+ Kxg7 37. Qg5+ 1-0